鏑木ろこの亜種 - Statistics

General Stats
  • This quiz has been taken 9 times
  • The average score is 3 of 7
Answer Stats
Picture Answer % Correct
ディーラー鏑木
71%
ネガらきろこ
57%
ろこたや
43%
スノッブ鏑木
43%
謎のお姉さん
43%
ティーチャー鏑木
14%
マッド鏑木
14%
No matching quizzes found
Score Distribution
Percent of People with Each Score
Percentile by Number Answered
Your Score History
You have not taken this quiz